| 000 | 01140nam0a22003011 4500 | ||
|---|---|---|---|
| 001 | rc\2301618 | ||
| 005 | 20110829140756.0 | ||
| 035 | _a(NLR Aleph) 006719026 | ||
| 090 |
_a5423405 _c5423405 |
||
| 100 | _a20110829d1977 |||y0rusy50 ca | ||
| 101 | 0 | _arus | |
| 102 | _aRU | ||
| 105 | _ay z ||||| | ||
| 200 | 1 |
_aЛитература по истории религии и научного атеизма _fРед. С. Демидов |
|
| 210 |
_aАшхабад _cЫлым _d1977 |
||
| 215 |
_a24 с. _d20 |
||
| 225 | 1 |
_aАН ТССР. Сектор научной информации по общественным наукам. Отделение философии и права. Реферативный сборник _v№ 3 |
|
| 300 | _aНа обл. авт. не указан | ||
| 700 | 1 |
_6z01790 _aКулиев _bН. К. _gНедир К. |
|
| 702 | 1 |
_aДемидов _bС. _4340 |
|
| 790 | 1 |
_6z01700 _aКулиев _bН. К. _gНедиф К. |
|
| 801 | 0 |
_aRU _bNLR _gpsbo |
|
| 801 | 1 |
_aRU _bELAR _2rusmarc |
|
| 852 |
_aNLR _jС П-1/757 |
||
| 899 |
_aRuMoRGB _jБ 77-37/141 |
||
| 899 |
_aRuMoRGB _jБ 77-37/143 |
||
| 942 | _cBOOK | ||
| 980 | _aNB | ||